| 000 | 00361nam a2200145Ia 4500 | ||
|---|---|---|---|
| 008 | 240624s9999 xx 000 0 und d | ||
| 041 | _aeng | ||
| 082 | _a339 MAN | ||
| 100 | _aMANKIW GREGORY | ||
| 245 | _aPRINCIPLES OF MACROECONOMICS | ||
| 250 | _a(4th ed.) | ||
| 260 |
_c2007 _aNew Delhi _bThomson |
||
| 300 | _axxxii, : 583 : p. : cm. ; 23 | ||
| 365 |
_cRS _b33 |
||
| 999 |
_c5158 _d5158 |
||